Kabale University Library Catalogue

Advances in Crop Research : (Record no. 6212)

MARC details
000 -LEADER
fixed length control field 00611nam a22001577a 4500
003 - CONTROL NUMBER IDENTIFIER
control field OSt
005 - DATE AND TIME OF LATEST TRANSACTION
control field 20260416130831.0
008 - FIXED-LENGTH DATA ELEMENTS--GENERAL INFORMATION
fixed length control field 260416b |||||||| |||| 00| 0 eng d
020 ## - INTERNATIONAL STANDARD BOOK NUMBER
International Standard Book Number 9783823618249
040 ## - CATALOGING SOURCE
Transcribing agency KABLIB
Modifying agency KABLIB
082 ## - DEWEY DECIMAL CLASSIFICATION NUMBER
Edition number 23
Classification number 632.96
Item number OKO
245 ## - TITLE STATEMENT
Title Advances in Crop Research :
Remainder of title Towards Understanding the Effects of Climaaate Change on the Sweetpotato Insect pests Acraea acerata Hewiston and Cylas puncticollis Boheman and their Management in Africa /
Statement of responsibility, etc. Joshua Sikhu Okonya
260 ## - PUBLICATION, DISTRIBUTION, ETC.
Place of publication, distribution, etc. hohenheim university
Name of publisher, distributor, etc. margraf publishers
Date of publication, distribution, etc. c2025
300 ## - PHYSICAL DESCRIPTION
Extent Vi, 174p. ;
Dimensions 22 cm.
942 ## - ADDED ENTRY ELEMENTS (KOHA)
Source of classification or shelving scheme Dewey Decimal Classification
Koha item type Book
Holdings
Withdrawn status Lost status Source of classification or shelving scheme Damaged status Not for loan Home library Current library Date acquired Total Checkouts Full call number Barcode Date last seen Price effective from Koha item type
    Dewey Decimal Classification     Mukombe Library Mukombe Library 16.04.2026   632.96 OKO 14836 16.04.2026 16.04.2026 Book

Kabale University Library | Kabale University P.O Box 317, Kabale, Uganda
Tel : +256754017033, +256774661503 E-mail : library@kab.ac.ug